[Event "14th EUR-ch"]
[Site "Minsk BLR"]
[Date "2017.06.06"]
[Round "7.68"]
[White "Fedorov, Alexei"]
[Black "Teterev, Vitaly"]
[Result "1/2-1/2"]
[WhiteElo "2598"]
[BlackElo "2487"]
[EventDate "2017.05.30"]
[PlyCount "64"]

1.c4 e6 2.d4 d5 3.Nc3 a6 4.cxd5 exd5 5.Bf4 c6 6.Qc2 Ne7 7.e3 Bf5 8.Qb3 Ra7
9.Nf3 Nd7 10.Be2 Ng6 11.Bg3 Be7 12.O-O O-O 13.Rfc1 Re8 14.Ne1 Ngf8 15.Nd3 
Ne6 16.Na4 Bf8 17.Qd1 g6 18.Ne5 Nf6 19.f3 Bh6 20.Bf2 Nf8 21.b4 N6d7 22.
Nxd7 Nxd7 23.g4 Be6 24.Nc5 a5 25.b5 Nxc5 26.Rxc5 Bd7 27.bxc6 bxc6 28.Rc3 
Bf8 29.Rb1 h5 30.h3 hxg4 31.hxg4 Bb4 32.Rc2 Kg7 1/2-1/2

[Event "14th EUR-ch"]
[Site "Minsk BLR"]
[Date "2017.06.06"]
[Round "7.69"]
[White "Kulaots, Kaido"]
[Black "Schreiner, Peter"]
[Result "1/2-1/2"]
[WhiteElo "2597"]
[BlackElo "2483"]
[EventDate "2017.05.30"]
[PlyCount "126"]

1.d4 Nf6 2.c4 e6 3.g3 c5 4.d5 exd5 5.cxd5 d6 6.Bg2 g6 7.Nc3 Bg7 8.Nf3 O-O 
9.O-O Na6 10.e4 Re8 11.Nd2 Nc7 12.a4 b6 13.Re1 Ng4 14.Nf3 Ne5 15.Nxe5 Bxe5
16.Be3 Rb8 17.Qd2 b5 18.f4 Bg7 19.e5 Bf5 20.Rac1 bxa4 21.exd6 Qxd6 22.Nxa4
Rxe3 23.Rxe3 Bd4 24.Kh1 Bxe3 25.Qxe3 Nxd5 26.Qd2 Rd8 27.Nxc5 Nf6 28.Qxd6 
Rxd6 29.h3 h5 30.Ra1 Rb6 31.Rxa7 Rxb2 32.Ra3 Rc2 33.Nd3 Rd2 34.Ne5 Ne4 35.
Kg1 Nf2 36.Nf3 Rb2 37.Ng5 f6 38.Ra8+ Kg7 39.Ra7+ Kf8 40.Rf7+ Ke8 41.Rxf6 
Nd3 42.Be4 Bxe4 43.Nxe4 h4 44.Rd6 Rb3 45.Re6+ Kf7 46.Ng5+ Kg7 47.Re7+ Kf8 
48.Rf7+ Kg8 49.gxh4 Rb4 50.f5 gxf5 51.Rxf5 Rxh4 52.Kg2 Rc4 53.Ne6 Rc6 54.
Nd4 Rc5 55.Rf6 Ra5 56.Kg3 Ne5 57.h4 Ra4 58.Nf5 Kh7 59.Re6 Nf7 60.h5 Ra3+ 
61.Kf2 Rf3+ 62.Kxf3 Ng5+ 63.Kg4 Nxe6 1/2-1/2

[Event "14th EUR-ch"]
[Site "Minsk BLR"]
[Date "2017.06.06"]
[Round "7.72"]
[White "Ali Marandi, Cemil Can"]
[Black "Postny, Evgeny"]
[Result "1/2-1/2"]
[WhiteElo "2479"]
[BlackElo "2588"]
[EventDate "2017.05.30"]
[PlyCount "78"]

1.e4 e5 2.Nf3 Nc6 3.Nc3 Nf6 4.d4 exd4 5.Nxd4 Bb4 6.Nxc6 bxc6 7.Bd3 d5 8.
exd5 cxd5 9.O-O O-O 10.h3 c6 11.Qf3 Bd6 12.Bf4 Be6 13.Rad1 Qb8 14.Bxd6 
Qxd6 15.b3 Rae8 16.Ne2 c5 17.Rfe1 Bd7 18.Nf4 Re5 19.Rxe5 Qxe5 20.c4 d4 21.
Nd5 Nxd5 22.Qxd5 Qc7 23.Re1 Be6 24.Qh5 g6 25.Qh6 Re8 26.Re4 f5 27.Re2 Bf7 
28.Qd2 Rxe2 29.Qxe2 Kg7 30.h4 Qd6 31.Qe1 f4 32.Qe4 Kf6 33.Qb7 Qe7 34.Qb8 
Qe1+ 35.Bf1 Kg7 36.Qd6 Kg8 37.Qd8+ Kg7 38.Qd6 Kg8 39.Qd8+ Kg7 1/2-1/2

[Event "14th EUR-ch"]
[Site "Minsk BLR"]
[Date "2017.06.06"]
[Round "7.78"]
[White "Galliamova, Alisa"]
[Black "Zhigalko, Andrei"]
[Result "1/2-1/2"]
[WhiteElo "2456"]
[BlackElo "2566"]
[EventDate "2017.05.30"]
[PlyCount "130"]

1.Nf3 c5 2.g3 g6 3.c3 Bg7 4.d4 Qa5 5.Nbd2 cxd4 6.Nb3 Qb6 7.cxd4 Nf6 8.Bg2 
O-O 9.O-O d6 10.d5 Bf5 11.Be3 Qa6 12.Nfd2 Rc8 13.Bd4 Qa4 14.Bc3 Qd7 15.Re1
Na6 16.e4 Bg4 17.f3 Bh3 18.Bxh3 Qxh3 19.Qe2 Rc7 20.Rac1 Rac8 21.a3 h5 22.
Bd4 Nd7 23.Bxg7 Kxg7 24.Qf1 Qxf1+ 25.Kxf1 Rc2 26.Ke2 Nb6 27.Rxc2 Rxc2 28.
Rb1 Na4 29.Nd4 Rxb2 30.Rxb2 Nxb2 31.Nb5 Nc5 32.Nxa7 f5 33.Nb5 Kf6 34.Nc3 
Nbd3 35.Ke3 g5 36.exf5 Kxf5 37.Nc4 Ne5 38.Nxe5 Kxe5 39.f4+ gxf4+ 40.gxf4+ 
Kf5 41.h3 Nd7 42.Kf3 Nb6 43.a4 Nc4 44.Ne2 Nb6 45.Nc3 Nd7 46.Ne2 Nf6 47.Nc3
b6 48.Ke3 Nd7 49.Kf3 Nc5 50.Ke3 h4 51.Kf3 Nd3 52.Ne2 Nb2 53.Nc3 Nc4 54.Ne2
Nd2+ 55.Ke3 Nb3 56.Kf3 Nc5 57.Nc3 e5 58.dxe6 Kxe6 59.Kg4 d5 60.Nb5 Nxa4 
61.Kxh4 Kf5 62.Kg3 Nc5 63.Kf3 Na4 64.Kg3 Ke4 65.Nd6+ Kd4 1/2-1/2

[Event "14th EUR-ch"]
[Site "Minsk BLR"]
[Date "2017.06.06"]
[Round "7.80"]
[White "Michalik, Peter"]
[Black "Hakobyan, Aram"]
[Result "1/2-1/2"]
[WhiteElo "2558"]
[BlackElo "2449"]
[EventDate "2017.05.30"]
[PlyCount "83"]

1.e4 e6 2.d4 d5 3.Nc3 Bb4 4.exd5 exd5 5.Bd3 Nf6 6.Ne2 O-O 7.O-O Re8 8.Bg5 
c6 9.Ng3 h6 10.Bf4 Bg4 11.Nce2 Bd6 12.f3 Be6 13.Qd2 c5 14.Bxd6 Qxd6 15.
dxc5 Qxc5+ 16.Kh1 Nc6 17.c3 Rad8 18.Rfd1 Qb6 19.Bc2 Ne5 20.b3 Nc6 21.Nd4 
Nxd4 22.Qxd4 Qxd4 23.Rxd4 Bd7 24.Kg1 Rc8 25.Rc1 g6 26.Bd3 Rc5 27.Kf2 Rec8 
28.Ne2 Kg7 29.h4 h5 30.Ke1 Re8 31.Kd2 Bb5 32.Nf4 Bxd3 33.Rxd3 Kf8 34.g3 
Re5 35.Re3 d4 36.Rxe5 dxc3+ 37.Rxc3 Rxe5 38.Rc7 Re7 39.Rxe7 Kxe7 40.Kd3 
Kd6 41.Kd4 Nd7 42.Nd3 1/2-1/2

[Event "14th EUR-ch"]
[Site "Minsk BLR"]
[Date "2017.06.06"]
[Round "7.85"]
[White "Podolchenko, Evgeniy"]
[Black "Ladva, Ottomar"]
[Result "1/2-1/2"]
[WhiteElo "2398"]
[BlackElo "2530"]
[EventDate "2017.05.30"]
[PlyCount "82"]

1.d4 Nf6 2.c4 e6 3.Nf3 d5 4.g3 Bb4+ 5.Bd2 Be7 6.Bg2 O-O 7.Qc2 c6 8.O-O 
Nbd7 9.Rd1 Ne4 10.Be1 f5 11.Nc3 Bf6 12.b4 g5 13.b5 Qe7 14.bxc6 bxc6 15.
cxd5 cxd5 16.Rab1 Ba6 17.Nxe4 fxe4 18.Bb4 Qf7 19.Bxf8 Rxf8 20.Qc6 Bxe2 21.
Bh3 Qh5 22.Qxe6+ Kh8 23.Bg4 Qh6 24.Ne5 Bxd1 25.Rxd1 Nxe5 26.dxe5 Bg7 27.
Qxh6 Bxh6 28.Rxd5 Bg7 29.e6 Bf6 30.Bh5 Rd8 31.Rd7 Rxd7 32.exd7 Kg7 33.Bg4 
Kg6 34.Kf1 Bd8 35.Ke2 Kf6 36.f3 exf3+ 37.Bxf3 Ke7 38.Bc6 h5 39.Ba4 h4 40.
gxh4 gxh4 41.h3 Bc7 1/2-1/2

[Event "14th EUR-ch"]
[Site "Minsk BLR"]
[Date "2017.06.06"]
[Round "7.86"]
[White "Djukic, Nikola"]
[Black "Meribanov, Vitaly"]
[Result "1/2-1/2"]
[WhiteElo "2526"]
[BlackElo "2385"]
[EventDate "2017.05.30"]
[PlyCount "69"]

1.e4 c5 2.Nf3 Nc6 3.d4 cxd4 4.Nxd4 Nf6 5.Nc3 e5 6.Ndb5 d6 7.Bg5 a6 8.Na3 
b5 9.Nd5 Be7 10.Bxf6 Bxf6 11.c3 Bg5 12.Nc2 Ne7 13.Ncb4 O-O 14.Be2 a5 15.
Nxe7+ Qxe7 16.Nd5 Qb7 17.Qd3 Bd7 18.O-O Bc6 19.Rad1 b4 20.Qg3 Bd8 21.Bc4 
Rc8 22.Qd3 Bxd5 23.Bxd5 Qb8 24.f4 bxc3 25.bxc3 exf4 26.Rxf4 Bf6 27.c4 Qb2 
28.Rb1 Qxa2 29.c5 Qa4 30.Rxf6 gxf6 31.Qg3+ Kh8 32.Qc3 dxc5 33.Qxf6+ Kg8 
34.Qg5+ Kh8 35.Qf6+ 1/2-1/2

[Event "14th EUR-ch"]
[Site "Minsk BLR"]
[Date "2017.06.06"]
[Round "7.89"]
[White "Kryvoruchko, Yuriy"]
[Black "Sychev, Klementy"]
[Result "1/2-1/2"]
[WhiteElo "2714"]
[BlackElo "2459"]
[EventDate "2017.05.30"]
[PlyCount "65"]

1.e4 e6 2.d4 d5 3.Nc3 Nf6 4.e5 Nfd7 5.f4 c5 6.Nf3 Nc6 7.Be3 Be7 8.Qd2 O-O 
9.dxc5 Qa5 10.O-O-O b6 11.Bb5 Nb4 12.a3 bxc5 13.Bxd7 Bxd7 14.axb4 cxb4 15.
Nb1 Rfc8 16.Nd4 Qa2 17.f5 exf5 18.Rhf1 a5 19.Qf2 a4 20.Nxf5 Bxf5 21.Qxf5 
a3 22.Bd4 Qc4 23.Rf2 a2 24.Qxf7+ Kh8 25.Qxe7 a1=Q 26.e6 Rg8 27.Bxg7+ Rxg7 
28.Rf8+ Rxf8 29.Qxf8+ Rg8 30.Qf6+ Rg7 31.e7 Qa8 32.Qf8+ Rg8 33.Qf6+ 
1/2-1/2

[Event "14th EUR-ch"]
[Site "Minsk BLR"]
[Date "2017.06.06"]
[Round "7.94"]
[White "Potkin, Vladimir"]
[Black "Asadli, Vugar"]
[Result "1/2-1/2"]
[WhiteElo "2588"]
[BlackElo "2439"]
[EventDate "2017.05.30"]
[PlyCount "116"]

1.d4 Nf6 2.c4 g6 3.Nc3 Bg7 4.e4 d6 5.Nf3 O-O 6.h3 e5 7.d5 a5 8.Be3 Na6 9.
g4 Nc5 10.Nd2 c6 11.Qc2 a4 12.a3 Qa5 13.Be2 Bd7 14.O-O-O cxd5 15.exd5 Rfc8
16.Kb1 b6 17.Rhg1 Ne8 18.h4 Rab8 19.h5 Na6 20.hxg6 hxg6 21.Rc1 b5 22.cxb5 
Bxb5 23.Bxb5 Rxb5 24.Qd3 Rbb8 25.Nc4 Nc5 26.Bxc5 Qxc5 27.Ne4 Qd4 28.Qxd4 
exd4 29.Na5 Rxc1+ 30.Rxc1 d3 31.Nc4 Nc7 32.Nc3 Bd4 33.f3 Kg7 34.Nxa4 Nxd5 
35.Nxd6 Ne3 36.Nc4 Ra8 37.b3 Rb8 38.Nxe3 Rxb3+ 39.Ka2 d2 40.Rd1 Rxe3 41.
Rxd2 Bf6 42.Nc5 Rxf3 43.a4 Rf4 44.a5 Be7 45.Rd5 Rxg4 46.Kb3 Rg1 47.Nd3 Ra1
48.Kc4 g5 49.Kb5 Kf6 50.a6 Ke6 51.Rd4 Bd6 52.Kb6 Bh2 53.Nc5+ Ke5 54.Rg4 
Bf4 55.a7 f5 56.Rg1 Rxa7 57.Nd3+ Ke4 58.Nxf4 gxf4 1/2-1/2

[Event "14th EUR-ch"]
[Site "Minsk BLR"]
[Date "2017.06.06"]
[Round "7.100"]
[White "Macieja, Bartlomiej"]
[Black "Koksal, Ege"]
[Result "1/2-1/2"]
[WhiteElo "2530"]
[BlackElo "2405"]
[EventDate "2017.05.30"]
[PlyCount "85"]

1.d4 Nf6 2.c4 e6 3.Nf3 b6 4.g3 Bb7 5.Bg2 Be7 6.O-O O-O 7.Bf4 Nh5 8.Be3 Nf6
9.Nc3 Ne4 10.Rc1 Bf6 11.Qd3 Nxc3 12.Rxc3 Nc6 13.Rd1 Qe7 14.a3 e5 15.dxe5 
Bxe5 16.Rc2 d6 17.Ng5 g6 18.b4 Bg7 19.Qe4 Qf6 20.Qf4 Qe7 21.Bd5 Rae8 22.h4
Nd8 23.c5 dxc5 24.bxc5 Bxd5 25.Rxd5 Ne6 26.Qa4 Rd8 27.Rcd2 Nxc5 28.Bxc5 
bxc5 29.e3 h6 30.Ne4 Bd4 31.Rxd8 Rxd8 32.Qc6 Re8 33.exd4 Qxe4 34.Qxe4 Rxe4
35.dxc5 Ra4 36.Rd7 Rxa3 37.Rxc7 Ra1+ 38.Kg2 a5 39.Ra7 a4 40.c6 Rc1 41.c7 
Kg7 42.Kf3 a3 43.Rxa3 1/2-1/2

[Event "14th EUR-ch"]
[Site "Minsk BLR"]
[Date "2017.06.07"]
[Round "8.9"]
[White "Ponomariov, Ruslan"]
[Black "Kozul, Zdenko"]
[Result "1/2-1/2"]
[WhiteElo "2712"]
[BlackElo "2617"]
[EventDate "2017.05.30"]
[PlyCount "120"]

1.e4 c5 2.Nf3 d6 3.d4 cxd4 4.Qxd4 Nc6 5.Bb5 Bd7 6.Qd3 Nf6 7.c4 e6 8.Nc3 
Be7 9.O-O O-O 10.Bxc6 Bxc6 11.Nd4 Qa5 12.b3 Rfd8 13.Bb2 Qh5 14.f4 d5 15.
cxd5 Bc5 16.Rad1 exd5 17.e5 Ne4 18.Ne2 Bd7 19.h3 Rac8 20.Kh2 Bg4 21.Rde1 
Bxe2 22.Rxe2 Bb6 23.g4 Qg6 24.f5 Qg5 25.Kg2 Bxd4 26.Bxd4 h5 27.Qf3 hxg4 
28.hxg4 Rc1 29.Be3 Rxf1 30.Kxf1 Qe7 31.Qf4 Rc8 32.Rh2 Qd7 33.f6 Qb5+ 34.
Kg1 Qd3 35.fxg7 Qb1+ 36.Kg2 Rc2+ 37.Kh3 Rxh2+ 38.Kxh2 Qxa2+ 39.Kh3 Qa6 40.
Kh4 Kxg7 41.Bd4 Qh6+ 42.Qxh6+ Kxh6 43.Bxa7 Kg7 44.Be3 Kf8 45.g5 Ke7 46.Kg4
Ke6 47.Kf4 Nc3 48.b4 Nb5 49.Bb6 Na3 50.Bd4 Nc2 51.Bc3 b5 52.Bd2 Nd4 53.Be1
Nc6 54.Bc3 Ne7 55.Ke3 Nc6 56.Kf4 d4 57.Be1 Kd5 58.e6 Kxe6 59.Ke4 Ne5 60.
Bd2 Nc6 1/2-1/2

[Event "14th EUR-ch"]
[Site "Minsk BLR"]
[Date "2017.06.07"]
[Round "8.21"]
[White "Paichadze, Luka"]
[Black "Kuzubov, Yuriy"]
[Result "1/2-1/2"]
[WhiteElo "2568"]
[BlackElo "2637"]
[EventDate "2017.05.30"]
[PlyCount "213"]

1.e4 c5 2.Nf3 d6 3.d4 cxd4 4.Qxd4 Nf6 5.Bb5+ Bd7 6.c4 g6 7.Nc3 Bg7 8.h3 
O-O 9.Qd3 a6 10.Bxd7 Nfxd7 11.O-O Nc6 12.Bd2 Rc8 13.Qe2 Nde5 14.b3 Nxf3+ 
15.Qxf3 f5 16.exf5 Rxf5 17.Qe4 Qd7 18.Rae1 Re8 19.Nd5 e6 20.Ne3 Rff8 21.
Rd1 b5 22.Bc1 Qc7 23.Rd2 bxc4 24.bxc4 Bc3 25.Rd3 Bb4 26.Ng4 Bc5 27.Bg5 Ne5
28.Nxe5 dxe5 29.Be3 Bxe3 30.fxe3 Rxf1+ 31.Kxf1 Rc8 32.Rc3 Qa5 33.Qc2 Qc5 
34.Kg1 Kg7 35.Qe4 Rc7 36.Rb3 Qxc4 37.Qxe5+ Kh6 38.Qf6 Qe4 39.Ra3 Rc1+ 40.
Kh2 Qf5 41.Qh4+ Kg7 42.Qd4+ e5 43.Qd6 Kh6 44.Ra4 e4 45.Rxa6 Qf2 46.Qf4+ 
Qxf4+ 47.exf4 e3 48.Re6 Ra1 49.Rxe3 Rxa2 50.Re7 Rb2 51.Kg3 Ra2 52.Kf3 Ra3+
53.Kg4 Ra2 54.g3 Ra5 55.h4 Ra3 56.Kh3 Rb3 57.Kg4 Ra3 58.Re5 Rb3 59.h5 Rb1 
60.Re6 Rb5 61.hxg6 hxg6 62.Kf3 Kg7 63.g4 Kf7 64.Re3 Ra5 65.Rb3 Ra7 66.Kg3 
Kg7 67.Kh4 Ra5 68.Rb7+ Kf8 69.Rd7 Rb5 70.Kg3 Rb3+ 71.Kh4 Rb5 72.Rd3 Kf7 
73.Kg3 Ra5 74.Rd7+ Kf8 75.Kf3 Ra4 76.g5 Rb4 77.Ke3 Ra4 78.Rd4 Ra1 79.Rc4 
Re1+ 80.Kd4 Kf7 81.Rc7+ Kf8 82.Kd5 Re2 83.Rc6 Kf7 84.Rf6+ Kg7 85.Re6 Rd2+ 
86.Ke5 Re2+ 87.Kd6 Rd2+ 88.Ke7 Rd4 89.Rf6 Re4+ 90.Kd6 Ra4 91.Kc5 Re4 92.
Kd5 Ra4 93.Ke5 Ra5+ 94.Ke4 Ra4+ 95.Kf3 Ra3+ 96.Kg4 Rb3 97.Rd6 Ra3 98.Rd7+ 
Kf8 99.Rh7 Rb3 100.Rh3 Rb1 101.Rd3 Rf1 102.f5 Rxf5 103.Rf3 Rxf3 104.Kxf3 
Ke7 105.Ke3 Ke6 106.Ke4 Kd6 107.Kd4 1/2-1/2

[Event "14th EUR-ch"]
[Site "Minsk BLR"]
[Date "2017.06.10"]
[Round "11.1"]
[White "Jobava, Baadur"]
[Black "Matlakov, Maxim"]
[Result "1/2-1/2"]
[WhiteElo "2713"]
[BlackElo "2714"]
[EventDate "2017.05.30"]
[PlyCount "97"]

1.e4 e5 2.Nf3 Nc6 3.c3 Nf6 4.d3 d5 5.Qc2 a5 6.Be2 Bc5 7.O-O O-O 8.a4 h6 9.
Na3 Re8 10.h3 Be6 11.Re1 Qd7 12.Bf1 Rad8 13.Nb5 Bb6 14.Be3 Bxe3 15.Rxe3 
Qe7 16.Ree1 dxe4 17.dxe4 Rd7 18.Rad1 Red8 19.Rxd7 Rxd7 20.Na3 Rd8 21.Bb5 
Qc5 22.Qe2 Ne8 23.Bc4 Bxc4 24.Nxc4 Nd6 25.Na3 b6 26.h4 Nb7 27.Qa6 Nd6 28.
Qe2 Nb7 29.Nb5 Qe7 30.Rd1 Nc5 31.Rd5 Rxd5 32.exd5 Nb8 33.b4 axb4 34.cxb4 
Ncd7 35.Qe4 Na6 36.d6 cxd6 37.Nc3 Qe6 38.Nd2 f5 39.Qa8+ Nab8 40.a5 bxa5 
41.bxa5 d5 42.Nxd5 Kf7 43.Nc4 Qc6 44.Qxc6 Nxc6 45.a6 Na7 46.h5 Nc5 47.Nb4 
Kf6 48.Kh2 e4 49.f4 1/2-1/2

[Event "14th EUR-ch"]
[Site "Minsk BLR"]
[Date "2017.06.10"]
[Round "11.2"]
[White "Cheparinov, Ivan"]
[Black "Navara, David"]
[Result "1/2-1/2"]
[WhiteElo "2688"]
[BlackElo "2739"]
[EventDate "2017.05.30"]
[PlyCount "55"]

1.d4 Nf6 2.c4 e6 3.Nf3 b6 4.g3 Ba6 5.b3 Bb4+ 6.Bd2 Be7 7.Bg2 d5 8.cxd5 
exd5 9.Nc3 O-O 10.O-O Re8 11.a3 c5 12.dxc5 bxc5 13.Ne5 Bb7 14.Rc1 Na6 15.
Nd3 Rc8 16.Bg5 Ne4 17.Bxe7 Qxe7 18.Nxe4 dxe4 19.Nf4 e3 20.Bxb7 exf2+ 21.
Kxf2 Qxb7 22.Qd5 Qe7 23.Rc3 Nb8 24.Kg1 Nd7 25.Qb7 Nb6 26.Qxe7 Rxe7 27.Rfc1
c4 28.bxc4 1/2-1/2

[Event "14th EUR-ch"]
[Site "Minsk BLR"]
[Date "2017.06.10"]
[Round "11.5"]
[White "Sutovsky, Emil"]
[Black "Ponomariov, Ruslan"]
[Result "1/2-1/2"]
[WhiteElo "2646"]
[BlackElo "2712"]
[EventDate "2017.05.30"]
[PlyCount "84"]

1.e4 e5 2.Nf3 Nc6 3.Bb5 a6 4.Ba4 Nf6 5.O-O Be7 6.Re1 b5 7.Bb3 d6 8.c3 O-O 
9.h3 Nb8 10.d4 Nbd7 11.Nbd2 c5 12.Bc2 cxd4 13.cxd4 exd4 14.Nxd4 Bb7 15.Nf5
Re8 16.Nb3 Bf8 17.Nxd6 Bxd6 18.Qxd6 Bxe4 19.Bxe4 Nxe4 20.Qd4 Ndc5 21.Qxd8 
Raxd8 22.Nxc5 Nxc5 23.Rxe8+ Rxe8 24.Be3 Nd3 25.b3 f6 26.Rd1 Nb4 27.a3 Nc2 
28.Bc5 Re5 29.Rd8+ Kf7 30.Rd7+ Kg8 31.Rd8+ Kf7 32.Rd7+ Kg8 33.Rc7 Rd5 34.
Rc8+ Kf7 35.Rc7+ Kg8 36.Rc6 a5 37.Bb6 Nd4 38.Rc8+ Kf7 39.Rc7+ Kg8 40.Rc8+ 
Kf7 41.Rc7+ Kg8 42.Rc8+ Kf7 1/2-1/2

[Event "14th EUR-ch"]
[Site "Minsk BLR"]
[Date "2017.06.10"]
[Round "11.9"]
[White "Yilmaz, Mustafa"]
[Black "Tomashevsky, Evgeny"]
[Result "1/2-1/2"]
[WhiteElo "2630"]
[BlackElo "2696"]
[EventDate "2017.05.30"]
[PlyCount "53"]

1.d4 Nf6 2.c4 e6 3.Nf3 b6 4.g3 Bb7 5.Bg2 Bb4+ 6.Bd2 a5 7.O-O O-O 8.Bf4 Be7
9.Qc2 Be4 10.Qc1 Bb7 11.Qc2 Be4 12.Qc1 Bb7 13.Nc3 Ne4 14.Rd1 d6 15.Nxe4 
Bxe4 16.Qe3 Bb7 17.Qd3 Nd7 18.Ng5 Bxg5 19.Bxb7 Rb8 20.Bxg5 Qxg5 21.Bc6 
Rfd8 22.a3 Nf8 23.b4 Ng6 24.Qc3 Ne7 25.Bf3 axb4 26.axb4 c5 27.dxc5 1/2-1/2

[Event "14th EUR-ch"]
[Site "Minsk BLR"]
[Date "2017.06.10"]
[Round "11.10"]
[White "Alexandrov, Alexei"]
[Black "Artemiev, Vladislav"]
[Result "1/2-1/2"]
[WhiteElo "2559"]
[BlackElo "2682"]
[EventDate "2017.05.30"]
[PlyCount "40"]

1.d4 Nf6 2.c4 g6 3.Nc3 d5 4.Bf4 Bg7 5.Rc1 Nh5 6.Bd2 e5 7.e3 exd4 8.exd4 
O-O 9.cxd5 Nf6 10.Bc4 c6 11.dxc6 Qxd4 12.Qe2 Nxc6 13.Nf3 Qd8 14.h3 Na5 15.
O-O Re8 16.Be3 Nxc4 17.Qxc4 Be6 18.Qa4 Nd5 19.Bd4 Nb6 20.Qb4 Bf8 1/2-1/2

[Event "14th EUR-ch"]
[Site "Minsk BLR"]
[Date "2017.06.10"]
[Round "11.11"]
[White "Movsesian, Sergei"]
[Black "Lenic, Luka"]
[Result "1/2-1/2"]
[WhiteElo "2680"]
[BlackElo "2641"]
[EventDate "2017.05.30"]
[PlyCount "102"]

1.e4 c5 2.Nf3 Nc6 3.Bb5 g6 4.Bxc6 dxc6 5.d3 Bg7 6.h3 Nf6 7.Nc3 O-O 8.Be3 
b6 9.Qd2 e5 10.Bh6 Qd6 11.Nh2 Nh5 12.Bxg7 Kxg7 13.Ne2 a5 14.g4 Nf6 15.f4 
exf4 16.Nf3 Nd7 17.O-O-O f6 18.Qxf4 Qxf4+ 19.Nxf4 Ne5 20.Rhf1 Bd7 21.Ng2 
Be6 22.a3 Rad8 23.Ne3 b5 24.Rd2 Rf7 25.Rdf2 Rdd7 26.Nxe5 fxe5 27.Rxf7+ 
Rxf7 28.Rxf7+ Kxf7 29.h4 h6 30.Kd2 Ke7 31.Ke2 Kd7 32.Kf3 h5 33.gxh5 gxh5 
34.Ke2 Ke7 35.Kd2 Kd6 36.c3 c4 37.dxc4 bxc4 38.a4 Kd7 39.Ke2 Kd6 40.Kf3 
Kd7 41.Kf2 Kd6 42.Ke1 Kd7 43.Nf1 Kd6 44.Kd2 Kd7 45.Kc2 Kd6 46.Nd2 Bf7 47.
Kb1 Bg8 48.Ka2 Bf7 49.Ka3 Be6 50.Ka2 Bf7 51.Kb1 Be6 1/2-1/2

[Event "14th EUR-ch"]
[Site "Minsk BLR"]
[Date "2017.06.10"]
[Round "11.15"]
[White "Riazantsev, Alexander"]
[Black "Melkumyan, Hrant"]
[Result "1/2-1/2"]
[WhiteElo "2659"]
[BlackElo "2613"]
[EventDate "2017.05.30"]
[PlyCount "57"]

1.d4 d5 2.c4 e6 3.Nc3 Nf6 4.Bg5 Be7 5.e3 Nbd7 6.Rc1 O-O 7.cxd5 exd5 8.Bd3 
c6 9.Qc2 Re8 10.Nf3 Nf8 11.O-O g6 12.a3 Ne6 13.Bh4 Ng7 14.Qb3 Qb6 15.Qa2 
Bf5 16.Be2 Ne4 17.Bxe7 Rxe7 18.Nxe4 Bxe4 19.Nd2 Ne8 20.b4 Nd6 21.Rc5 a6 
22.Qb3 Bf5 23.a4 Be6 24.Bd3 Bf5 25.Be2 Be6 26.Rfc1 Qd8 27.R5c3 Bd7 28.Qa2 
Re8 29.Bd3 1/2-1/2

[Event "14th EUR-ch"]
[Site "Minsk BLR"]
[Date "2017.06.10"]
[Round "11.18"]
[White "Jones, Gawain"]
[Black "Ter-Sahakyan, Samvel"]
[Result "1/2-1/2"]
[WhiteElo "2654"]
[BlackElo "2598"]
[EventDate "2017.05.30"]
[PlyCount "99"]

1.e4 c5 2.Nf3 d6 3.Bb5+ Nd7 4.a4 Nf6 5.Nc3 g6 6.a5 Bg7 7.O-O O-O 8.Re1 a6 
9.Bc4 Ng4 10.d4 cxd4 11.Nxd4 Nde5 12.Bb3 Nc6 13.Nxc6 bxc6 14.Bg5 h6 15.Bh4
g5 16.Bg3 Ne5 17.h4 gxh4 18.Bxh4 Kh7 19.Bg3 Ng6 20.Ra4 e5 21.Rb4 Qg5 22.
Rb6 h5 23.Rxc6 h4 24.Bh2 Bg4 25.f3 Be6 26.Rxd6 Rad8 27.Bxe6 fxe6 28.Kh1 
Rxd6 29.Qxd6 h3 30.Rg1 Qh5 31.Qxe6 Rxf3 32.gxh3 Rxh3 33.Qxg6+ Qxg6 34.Rxg6
Kxg6 35.Nd5 Rh4 36.Nc3 Bh6 37.Kg2 Bf4 38.Bxf4 exf4 39.Nd5 Kg5 40.b4 Rh6 
41.Kf3 Rh3+ 42.Kg2 Kg4 43.Nf6+ Kh4 44.c4 f3+ 45.Kf2 Kg5 46.e5 Kf5 47.Ke3 
Kxe5 48.Nd7+ Kd6 49.Nc5 Rh4 50.Kxf3 1/2-1/2

[Event "14th EUR-ch"]
[Site "Minsk BLR"]
[Date "2017.06.10"]
[Round "11.21"]
[White "Hracek, Zbynek"]
[Black "Andreikin, Dmitry"]
[Result "1/2-1/2"]
[WhiteElo "2612"]
[BlackElo "2723"]
[EventDate "2017.05.30"]
[PlyCount "110"]

1.e4 e6 2.d4 d5 3.exd5 exd5 4.Nf3 Nf6 5.Bd3 Bd6 6.Qe2+ Qe7 7.Qxe7+ Bxe7 8.
O-O O-O 9.Re1 Re8 10.Bf4 c6 11.Nbd2 Nbd7 12.h3 Nb6 13.a4 Be6 14.Ng5 Bd7 
15.a5 Nc8 16.Ngf3 a6 17.Nb3 Na7 18.Nc5 Bxc5 19.dxc5 Rxe1+ 20.Rxe1 Re8 21.
Be5 Nc8 22.Bxf6 Rxe1+ 23.Nxe1 gxf6 24.Nf3 Ne7 25.Nd4 f5 26.f4 Kg7 27.Kf2 
Kf6 28.Kf3 h6 29.b4 Be6 30.c3 Bd7 31.Ke3 Be6 32.g3 Ng6 33.Nf3 Nf8 34.Kd4 
Bc8 35.Ne5 Ke7 36.Ke3 Be6 37.Be2 Nd7 38.Nxd7 Bxd7 39.Kf3 Kf6 40.Bd3 Be6 
41.g4 fxg4+ 42.hxg4 Bd7 43.Kg3 Kg7 44.Kh4 f6 45.Bc2 Be6 46.Kg3 Kf7 47.Bd3 
Kf8 48.Kf3 Ke7 49.Bg6 Bf7 50.Bh7 Be6 51.Kg3 Kf8 52.Bg6 Kg7 53.Bd3 Kf8 54.
Bg6 Kg7 55.Bh5 Bf7 1/2-1/2

[Event "14th EUR-ch"]
[Site "Minsk BLR"]
[Date "2017.06.10"]
[Round "11.22"]
[White "Indjic, Aleksandar"]
[Black "Rakhmanov, Alexander"]
[Result "1/2-1/2"]
[WhiteElo "2587"]
[BlackElo "2676"]
[EventDate "2017.05.30"]
[PlyCount "165"]

1.d4 Nf6 2.c4 d6 3.Nf3 g6 4.Nc3 Bf5 5.h3 Ne4 6.Nxe4 Bxe4 7.Ng5 Bf5 8.e4 
Bd7 9.Be3 Bg7 10.Qd2 Na6 11.Be2 c5 12.Nf3 O-O 13.Rd1 cxd4 14.Nxd4 Nc5 15.
f3 a5 16.b3 Qb6 17.O-O Qb4 18.Qc1 Rfc8 19.Nc2 Qc3 20.Bd4 Bxd4+ 21.Nxd4 
Qxc1 22.Rxc1 Kf8 23.Kf2 e5 24.Nc2 Ke7 25.Ne3 Bc6 26.Rfd1 Ra6 27.Rb1 Ra7 
28.h4 h5 29.Rb2 Ne6 30.Rbd2 Rd8 31.Rc1 b6 32.Bd3 Rf8 33.Rcd1 Rd7 34.Bb1 
Nd4 35.Rd3 Bb7 36.R3d2 Rc8 37.Nc2 Ne6 38.Ne3 Rc5 39.Bd3 Rd8 40.Rb1 Nf8 41.
a3 Ne6 42.b4 Rc7 43.Bf1 Ra8 44.Rbb2 Nd4 45.Nc2 Ne6 46.Ne3 Bc6 47.c5 bxc5 
48.bxa5 Nd4 49.a6 f5 50.Bd3 f4 51.Nc4 Rca7 52.Nb6 Rxa6 53.Bxa6 Rxa6 54.a4 
Ke6 55.Rd1 Bxa4 56.Ra1 Bb5 57.Rxa6 Bxa6 58.Nd5 Bc4 59.Nc3 Bb3 60.Rb1 Kf6 
61.Ra1 Bc4 62.Ra4 Bb3 63.Ra6 Ke6 64.Rb6 Ke7 65.Rb7+ Ke6 66.Ke1 Kf6 67.Kf1 
Bc4+ 68.Kf2 Bb3 69.Nb1 Bc4 70.Nc3 Bb3 71.Ke1 Ke6 72.Nd1 Bc4 73.Nf2 Nc2+ 
74.Kd2 Ne3 75.Nh3 d5 76.Ng5+ Kd6 77.Nf7+ Ke6 78.Ng5+ Kd6 79.Rg7 d4 80.
Rxg6+ Kd7 81.Rg7+ Kd6 82.Rg6+ Kd7 83.Rg7+ 1/2-1/2

[Event "14th EUR-ch"]
[Site "Minsk BLR"]
[Date "2017.06.10"]
[Round "11.27"]
[White "Shimanov, Aleksandr"]
[Black "Abasov, Nijat"]
[Result "1/2-1/2"]
[WhiteElo "2642"]
[BlackElo "2575"]
[EventDate "2017.05.30"]
[PlyCount "226"]

1.d4 d5 2.Bf4 Nf6 3.e3 e6 4.Nf3 c5 5.Nbd2 Nc6 6.c3 Bd6 7.Bg3 O-O 8.Bd3 b6 
9.e4 Be7 10.e5 Nh5 11.Ng5 Bxg5 12.Qxh5 g6 13.Qe2 cxd4 14.h4 Bh6 15.h5 dxc3
16.bxc3 Qe7 17.hxg6 Bxd2+ 18.Qxd2 fxg6 19.Bh4 Qg7 20.f4 Bb7 21.Bf6 Rxf6 
22.exf6 Qxf6 23.O-O Rc8 24.Rac1 Na5 25.Rfe1 Rc7 26.Qe3 Bc8 27.Qg3 Qg7 28.
Qh4 Qe7 29.Qh6 Qg7 30.Qg5 Qe7 31.Qg3 Qg7 32.Re5 Kf8 33.Qh4 Qe7 34.Rg5 Kg7 
35.Re1 Qf6 36.Re3 Rf7 37.Rh3 Kf8 38.Bxg6 hxg6 39.Qh8+ Qxh8 40.Rxh8+ Kg7 
41.Rxc8 Rxf4 42.Re5 Kf7 43.Re3 Nc4 44.Re1 e5 45.Rc7+ Ke6 46.Rxa7 e4 47.Rf1
g5 48.g3 Rg4 49.Kf2 e3+ 50.Kf3 Ne5+ 51.Kxe3 Rxg3+ 52.Kd2 Nc4+ 53.Ke2 Rxc3 
54.Rg7 Rc2+ 55.Kd3 Rg2 56.Re1+ Kf6 57.Rg8 Kf5 58.Rf8+ Kg4 59.Re2 Rg1 60.
Ref2 Kh4 61.Rh8+ Kg3 62.Rf5 Rd1+ 63.Ke2 Rd2+ 64.Ke1 g4 65.Rg8 Rd4 66.Ke2 
Re4+ 67.Kd3 Ne5+ 68.Kc2 Nc6 69.Rf6 Rc4+ 70.Kd2 b5 71.Rg5 Rd4+ 72.Kc2 Rc4+ 
73.Kd2 Rd4+ 74.Kc2 Rc4+ 75.Kb2 Nb4 76.Kb3 Rd4 77.Rff5 Re4 78.a3 Nc6 79.
Rxd5 Nd4+ 80.Kc3 Ne2+ 81.Kd2 Ng1 82.Kc2 Nf3 83.Rg8 Kf2 84.Rd7 g3 85.Rdg7 
Re3 86.Kb2 Ne5 87.Rf8+ Ke2 88.Rfg8 Nc4+ 89.Kc1 Kf2 90.Rf8+ Kg2 91.Rf5 Rc3+
92.Kb1 Nxa3+ 93.Ka2 b4 94.Rb7 Nc2 95.Kb2 Rc6 96.Re5 Na3 97.Kb3 Nc4 98.Rg5 
Nd2+ 99.Kxb4 Ne4 100.Re5 Nf2 101.Rg5 Rf6 102.Rg8 Kf3 103.Rc7 Rf4+ 104.Kb3 
Ne4 105.Rc2 Rf7 106.Rg6 Rf5 107.Rg8 Rb5+ 108.Ka3 Ng5 109.Rf8+ Kg4 110.Rc4+
Kh3 111.Rh8+ Kg2 112.Rc2+ Kf3 113.Rf8+ Kg4 1/2-1/2

[Event "14th EUR-ch"]
[Site "Minsk BLR"]
[Date "2017.06.10"]
[Round "11.28"]
[White "Romanov, Evgeny"]
[Black "Steinberg, Nitzan"]
[Result "1/2-1/2"]
[WhiteElo "2636"]
[BlackElo "2532"]
[EventDate "2017.05.30"]
[PlyCount "86"]

1.d4 d5 2.c4 c6 3.cxd5 cxd5 4.Bg5 f6 5.Bd2 Nc6 6.Nc3 e6 7.Nf3 Bd6 8.e4 
Nge7 9.Bd3 dxe4 10.Bxe4 O-O 11.O-O Kh8 12.Re1 Bc7 13.Qe2 Nd5 14.Rac1 Bb6 
15.Bb1 Bd7 16.Na4 Rf7 17.Nc5 Bxc5 18.dxc5 Qg8 19.Rc4 g5 20.Nd4 Ne5 21.Rcc1
Re8 22.Be4 Rfe7 23.Nb5 Bxb5 24.Qxb5 Nc6 25.b4 Rd8 26.Qc4 e5 27.b5 Nd4 28.
c6 bxc6 29.bxc6 Rc7 30.Qa6 Rd6 31.Be3 Rdxc6 32.Rxc6 Nxc6 33.Bc5 Qe6 34.Rd1
Nd4 35.Qa5 Nb6 36.h3 Rd7 37.Kh2 Nb3 38.axb3 Rxd1 39.Qxa7 Nd7 40.b4 g4 41.
Be3 f5 42.Bc2 Rd6 43.Qc7 f4 1/2-1/2